De la recomendacin̤ a la accin̤

Bibliographic Details
Main Author: Sanabria Pulido, Pedro Pablo
Format: eBook
Language:Spanish
Published: Bogot:̀ Universidad de Los Andes (Colombia), 2016
Subjects:
Online Access:Acceso restringido

MARC

LEADER 00000nam a22000007a 4500
005 20190517124722.0
007 cr|||| ||||
008 190517s2016 co |||||s|||| 00||0 spa d
020 |a 978-958-774-318-0 
035 |a 23411 
040 |a vLex 
090 |c 8746  |d 8746 
100 1 |a Sanabria Pulido, Pedro Pablo 
245 1 4 |a De la recomendacin̤ a la accin̤  |h [Recurso electrn̤ico] /  |c Pedro Pablo Sanabria Pulido 
256 |a Servicio en ln̕ea 
260 |a Bogot:̀  |b Universidad de Los Andes (Colombia),  |c 2016 
300 |a 1 recurso electrn̤ico 
500 |a ¿Cm̤o poner en marcha un modelo de gestin̤ estratǧica del talento humano para el sector pb︢lico colombiano? El libro presenta los resultados de la l︢tima fase del proyecto de investigacin̤ centrado en el anl̀isis y la aplicacin̤ de modelos y conceptos de implementacin̤ y evaluacin̤ de polt̕icas pb︢licas. Contiene importantes aportes de expertos internacionales, as ̕como las principales lecciones que recopil ̤el equipo investigador. Aborda lineamientos propuestos previamente, recomendaciones para la implementacin̤ del modelo, anl̀isis sobre la viabilidad constitucional, legal y reglamentaria, adems̀ de una metodologa̕ para su seguimiento, monitoreo y evaluacin̤. Finalmente, presenta algunas ln̕eas generales de polt̕ica de empleo pb︢lico y de gestin̤ de recursos humanos, para el pero̕do 2015-2025, y cierra con reflexiones sobre el trabajo mancomunado de cocreacin̤ Academia-Estado que caracteriz ̤a la investigacin̤. 
506 1 |a Disponible solo en los productos indicados  |d vLex Global  |d vLex Global (Academic Edition, excluding Law Schools)  |d vLex Global (U.S. Academic Edition, Law Schools)  |d vLex Global (U.S. Academic Edition, excluding Law Schools)  |d vLex Global (Academic Edition, Law Schools) 
650 0 |a Derecho Pb︢lico y Administrativo  |z Colombia 
740 0 |a vLex Libros (Servicio en ln̕ea) 
856 4 0 |u http://vlex.com/source/la-recomendacion-a-la-accion-23411  |z Acceso restringido 
942 |c BOOK 
999 0 |a Public and Administrative Law